000 00394nam a2200169Ia 4500
001 27121
003 IN-NITTTR
005 20251114233339.0
008 251113s9999||||xx |||||||||||||| ||eng||
040 _beng
040 _cIN-NITTTR
041 _aeng
082 _a155.9042 J77S
100 _aJoshi, Vinay
245 0 _aStress :
_b from burnout to balance /
_cJoshi, Vinay
942 _2ddc
_cBK
999 _c29749
_d29749